Mirada sobre Latinoamerica

Na minha lista:
Detalhes bibliográficos
Autor principal: Monteforte Toledo, Mario
Formato: Texto
Publicado em: San José: EDUCA
Edição:2
Tags: Adicionar Tag
Sem tags, seja o primeiro a adicionar uma tag!

MARC

LEADER 00000 a a2200000 04500
001 25030
003
040
090 |a 178100  
100 |a Monteforte Toledo, Mario  
245 |a Mirada sobre Latinoamerica  
250 |a 2  
260 |a San José:   |b EDUCA  
300 |a 245 p.  
999 |c 16391  |d 16391